| 000 | 00986cab a2200169 4500 | ||
|---|---|---|---|
| 001 | ##L133148 | ||
| 008 | 060418n2006 000 0 eng u | ||
| 035 | _a(Sirsi) u133148 | ||
| 041 | 0 | _aeng | |
| 245 | 0 | 0 | _aRent-a-tanker |
| 260 | _c2006 | ||
| 490 | 0 |
_aEconomist _v379(8473) 15-21 April 2006, 37-38(2) |
|
| 520 | _aThe MoDhas signed its largest ever PFI deal for the British army's establishment at Aldershot in Hampshire. The PFIcontract is a 35 year, 8 billion pound deal under which a private company will finance, build and maintain accommodation for 18 000 soldiers. But are PFI deals the best way to finance such ventures? It is argued that PFI deals work best when the contract is kept simple and is easily measured. However, because the risk of war is difficult to price, designing a military PFI that is straightforward looks set to be no easy task. | ||
| 590 | _aIKA250406 | ||
| 690 | _aPROPERTY-OTHER PROPERTY TYPES-MILITARY PROPERTY-MILITARY FACILITIES | ||
| 942 | _n0 | ||
| 999 |
_c76825 _d76825 |
||